1460 1040 1622 1388 1264 1964 1538 1396 1610 1211 1960 1864 1459 1665 1449 1736 1495 1940 1280 1658 1807 1104 1466 1805 1832 1339 1918 1884 1072 1006 1631 1430 1518 1243 1697 1342 1523 1848 1948 1065 1669 1569 1608 1964 1001 1201 1712 1759 1001 1027 1903 1201 1816 1414 1703 1542 1885 1960 1564 1172 1894 1197 1005 1836 1958 1705 1232 1285 1957 1812 1179 1032 1465 1556 1915 1595 1102 1413 1748 1115 1111 1565 1728 1392 1550 1344 1558 1793 1368 1052 1077 1090 1440 1288 1753 1893 1224 1208 1308 BCNSPRNW ULIB Ver.6.0+V

เปลี่ยนเป็นภาษาไทย

Change to English
 แสดงรายละเอียดบรรณานุกรม
  กลับหน้าหลัก

Brief Record : Get Marc (ISO 2709) : E-mail record : QR code < ปิดหน้าต่าง
LEADER : 00000nam 2200000uu 4500
001    13399111943
003     ULIB
008    110712s2546||||th 000 0 tha d
020    9748212793
050  4 DS589.P4^bพ865พ 2546
100 0  สุวพร ทองธิว
245 10 เพชรบุรี/^cสุวพร ทองธิว
260    กรุงเทพฯ :^bสารคดี,^c[2546]
300    140 หน้า :^bภาพประกอบ, แผนที่ :^c21 ซม.
490 0  "นายรอบรู้" นักเดินทาง
651  7 ไทย (ภาคกลาง)^xความเป็นอยู่และประเพณี
651  7 ไทย (ภาคกลาง)^xภูมิประเทศและการท่องเที่ยว
651  7 เพชรบุรี^xความเป็นอยู่และประเพณี
651  7 เพชรบุรี^xภูมิประเทศและการท่องเที่ยว
651  7 เพชรบุรี^xโบราณสถาน
945    ^p95^l0^i015896
995    ทศพร
999 ^a ใช้งานได้ทุกระบบ
รายการนี้ยังไม่มีแท็ก
คุณยังไม่ได้ล็อกอิน คุณสามารถมีกิจกรรมร่วมกับเว็บไซต์ได้ แต่ต้องล็อกอินก่อน ::
  ล็อกอิน

รายการสื่อสารสนเทศ

ลำดับที่ ประเภท เลขเรียก/บาร์โค้ด สถานที่ สถานะ
- ไม่พบข้อมูล -

รายการใกล้เคียง
    ผู้แต่ง [สุวพร ทองธิว]

BibComment


ยังไม่เคยถูกคอมเมนท์

คอมเมนท์ทรัพยากรรายการนี้
  คอมเมนท์: เพชรบุรี สุวพร ทอ..


 Copyright 2026. Bcnsprnw @Library